Vista normal Vista MARC

Entrada Topical Term

Número de registros utilizados en: 1

001 - CONTROL NUMBER

  • control field: 240

003 - CONTROL NUMBER IDENTIFIER

  • control field: OSt

005 - DATE AND TIME OF LATEST TRANSACTION

  • control field: 20200207132829.0

008 - FIXED-LENGTH DATA ELEMENTS

  • fixed length control field: 200207|| aca||aabn | a|a d

040 ## - CATALOGING SOURCE

  • Original cataloging agency: OSt
  • Transcribing agency: OSt

150 ## - HEADING--TOPICAL TERM

  • Topical term or geographic name entry element: Novela juvenil

670 ## - SOURCE DATA FOUND

  • Source citation: Work cat.: (OSt): Falls, Kat autora 50, Los abisales, 2014